header

Subject leadership and school improvement (Record no. 1904)

MARC details
000 -LEADER
fixed length control field 01334nam a2200337Ia 4500
100 1# - MAIN ENTRY--AUTHOR NAME
Personal name Busher, Hugh.
245 10 - TITLE STATEMENT
Title Subject leadership and school improvement
260 ## - PUBLICATION, DISTRIBUTION, ETC. (IMPRINT)
Place of publication London :
Name of publisher P. Chapman ;
Place of publication Thousand Oaks, CA :
Name of publisher Sage,
Year of publication 2000.
300 ## - PHYSICAL DESCRIPTION
Number of Pages x, 214 p. :
Other physical details ill.
650 #0 - SUBJECT ADDED ENTRY--TOPICAL TERM
Topical Term Curriculum planning
Topical Term School improvement programs
700 1# - ADDED ENTRY--PERSONAL NAME
Personal name Harris, Alma,
Personal name Wise, Christine.
856 40 - ELECTRONIC LOCATION AND ACCESS
Uniform Resource Identifier http://site.ebrary.com/lib/rucke/Doc?id=10285259

No items available.

© 2026 Rongo University
Contact us: librarian | system librarian | Rongo university